Cristiano Ronaldo Prawda czy Fałsz - Statystyki

Ogólne statystyki
  • Ten quiz został rozwiązany 295 razy
  • Średni wynik to 11 z 15
Statystyki odpowiedzi
Zagadnienie Odpowiedź % Poprawnych
Ma już 39 lat Prawda
96%
Posiada 5 złotych piłek Prawda
96%
Ma swoje muzeum na wyspie Madera Prawda
92%
Jest kapitanem aktualnej drużyny w której występuje Prawda
90%
Zdobył 3 Razy pod rząd Ligę Mistrzów Prawda
88%
Był w finale mistrzostw świata Fałsz
85%
Jego Ojciec zmarł przez nałóg Prawda
81%
Cristiano ma ponad 190 centymetrów wzrostu Fałsz
74%
Ronaldo zdał maturę Fałsz
71%
Wygrał finał Ligi Mistrzów przeciwko Leo Messiemu Fałsz
69%
Był przez ponad miesiąc bez klubu Prawda
61%
Posiada czwórkę rodzeństwa Fałsz
57%
Przegrał Finał Euro Prawda
42%
Ronaldo grał z 3 polskimi bramkarzami w drużynie Prawda
38%
Ronaldo w Laliga miał ponad 300 występów Fałsz
18%
Nie znaleziono quizów pasujących do podanych kryteriów
Rozkład punktacji
Procent ludzi z każdym wynikiem
Percentyl według liczby udzielonych odpowiedzi
Twoja historia wyników
Nie rozwiązałeś tego quizu